[Event "Karl Mala Memorial op 09th"]
[Site "Frankfurt"]
[Date "2005.07.31"]
[Round "6"]
[White "Schlagner, Andreas"]
[Black "Hirschberg, Leander"]
[Result "0-1"]
[WhiteElo "881"]
[BlackElo "1070"]
[PlyCount "66"]
[EventDate "2005.07.28"]
[EventType "swiss"]
[EventRounds "7"]
[EventCountry "GER"]
[SourceTitle "EXT 2006"]
[Source "ChessBase"]
[SourceDate "2005.11.24"]
[SourceVersion "1"]
[SourceVersionDate "2005.11.24"]
[SourceQuality "1"]

1. c4 e5 2. Nc3 Nf6 3. e4 Nc6 4. Nf3 Bb4 5. Qc2 d6 6. Be2 0-0 7. 0-0 Nd4 8. Nxd4 exd4 9. Nb5 a6 10. Nxd4 c5 11. Nf3 Re8 12. Bd3 Qe7 13. Re1 Bf5 14. Qd1 Bxe4 15. Bxe4 Nxe4 16. a3 Ba5 17. Rb1 Qd7 18. b4 Bb6 19. d3 Nc3 20. Rxe8+ Rxe8 21. Qc2 Nxb1 22. Qxb1 Qe6 23. Be3 d5 24. Qe1 cxb4 25. Ng5 Qe5 26. Nf3 Qe7 27. Kf1 Bxe3 28. fxe3 Qxe3 29. Qxe3 Rxe3 30. Ne1 b3 31. cxd5 b2 32. d6 b1Q 33. d7 Qxe1# 0-1

[Event "Karl Mala Memorial op 09th"]
[Site "Frankfurt"]
[Date "2005.07.30"]
[Round "4"]
[White "Schlagner, Andreas"]
[Black "Duenzl, Jens Tobias"]
[Result "0-1"]
[WhiteElo "881"]
[BlackElo "1209"]
[PlyCount "102"]
[EventDate "2005.07.28"]
[EventType "swiss"]
[EventRounds "7"]
[EventCountry "GER"]
[SourceTitle "EXT 2006"]
[Source "ChessBase"]
[SourceDate "2005.11.24"]
[SourceVersion "1"]
[SourceVersionDate "2005.11.24"]
[SourceQuality "1"]

1. c4 e5 2. Nc3 Nf6 3. e4 b6 4. Nf3 Nc6 5. d3 Bc5 6. Be3 Bxe3 7. fxe3 d6 8. d4 0-0 9. d5 Ne7 10. Bd3 c6 11. 0-0 Ng4 12. Qe1 Bd7 13. h3 Nf6 14. Nh4 c5 15. Nf5 Nxf5 16. exf5 Qe7 17. Qg3 e4 18. Be2 Rfe8 19. b3 Qe5 20. Qxe5 Rxe5 21. Nb5 Ne8 22. g4 a6 23. Nc3 Nc7 24. a4 a5 25. Rf4 Rae8 26. Raf1 Na6 27. f6 g6 28. Bd1 Nb4 29. R1f2 Nd3 30. Rxe4 Rxe4 31. Nxe4 Rxe4 32. Rd2 Rxe3 33. Be2 Nb4 34. Kg2 Rxb3 35. Bf3 Bxa4 36. Re2 Kf8 37. Re7 Rb2+ 38. Kg3 Nd3 39. Rb7 Ne5 40. Rb8+ Be8 41. g5 Nxf3 42. Kxf3 a4 43. Ra8 Rb4 44. Ra6 Rxc4 45. Rxb6 a3 46. Rxd6 a2 47. Ra6 Ra4 48. Rxa4 Bxa4 49. d6 a1Q 50. d7 Bxd7 51. Ke3 Qd4+ 0-1